| 000 | 00000nam 2200000za 4500 |
| 001 | 9.830564 |
| 003 | CaOODSP |
| 005 | 20221107145546 |
| 007 | cr ||||||||||| |
| 008 | 170116s2017 onca #o f000 0 eng d |
| 040 | |aCaOODSP|beng |
| 043 | |an-cn--- |
| 086 | 1 |aRv4-53/2017E-PDF |
| 245 | 00|aTax treatment of mutual funds for individuals |h[electronic resource]. |
| 260 | |a[Ottawa] : |bCanada Revenue Agency, |c[2017]. |
| 300 | |a6 p. : |bill. |
| 500 | |aIssued also in French under title: Le traitement fiscal des fonds communs de placement pour les particuliers. |
| 520 | |a"This information sheet contains general information on the tax treatment of income received from Canadian mutual funds. It will help you understand what a mutual fund is, how to report income, and how to report the sale of mutual fund units or shares." -- p. 1. |
| 692 | 07|2gccst|aPersonal income tax |
| 692 | 07|2gccst|aInvestments |
| 692 | 07|2gccst|aHandbooks |
| 710 | 2 |aCanada Revenue Agency. |
| 775 | 08|tLe traitement fiscal des fonds communs de placement pour les particuliers |w(CaOODSP)9.830566 |
| 856 | 40|qPDF|s81 KB|uhttps://publications.gc.ca/collections/collection_2017/arc-cra/Rv4-53-2017-eng.pdf |
| 986 | |aRC4169(E) Rev. 16 |